000
00319nam a22001337a 4500
008
181029b xxu||||| |||| 00| 0 eng d
020
_a
2740356213751
041
_a
eng
080
_2
9 ED
_a
621
100
_a
26
101
_a
ENG
245
_a
Probality Statistics For Enginering
_c
Johnson.R.A
942
_2
udc
_c
BK
999
_c
50987
_d
50987